LEADER 00935nam0-2200325---450- 001 990009833050403321 005 20140305162439.0 010 $a9780813815947 035 $a000983305 035 $aFED01000983305 035 $a(Aleph)000983305FED01 035 $a000983305 100 $a20140305d2012----km-y0itay50------ba 101 0 $aeng 102 $aGB 105 $aa-------001yy 200 1 $aBiocomplexity of plant-fungal interactions$fedited by Darlene Southworth 210 $aChichester$cWiley-Blackwell$d2012 215 $aX, 220 p.$cill.$d26 cm 610 0 $aRelazioni$aPiante$aFunghi 610 0 $aBiodiversita 676 $a579.5$v22$zita 700 1$aSouthworth,$bDarlene$0522340 801 0$aIT$bUNINA$gREICAT$2UNIMARC 901 $aBK 912 $a990009833050403321 952 $a60 579.5 B 5$b14394$fFAGBC 959 $aFAGBC 996 $aBiocomplexity of plant-fungal interactions$9836414 997 $aUNINA LEADER 02280nam 2200577 450 001 9910464612103321 005 20200520144314.0 010 $a90-485-1410-X 035 $a(CKB)3710000000107823 035 $a(EBL)1773758 035 $a(SSID)ssj0001216630 035 $a(PQKBManifestationID)11702988 035 $a(PQKBTitleCode)TC0001216630 035 $a(PQKBWorkID)11197918 035 $a(PQKB)11785903 035 $a(MiAaPQ)EBC1773758 035 $a(Au-PeEL)EBL1773758 035 $a(CaPaEBR)ebr10867096 035 $a(CaONFJC)MIL797717 035 $a(OCoLC)879203548 035 $a(EXLCZ)993710000000107823 100 $a20140517h20112011 uy 0 101 0 $aeng 135 $aurcnu|||||||| 181 $ctxt 182 $cc 183 $acr 200 10$aMickery Theater $ean imperfect archaeology /$fMike Pearson ; reviews by Jac Heijer and Loek Zonneveld ; translated by Paul Evans 210 1$aAmsterdam, Netherlands :$cAmsterdam University Press,$d2011. 210 4$dİ[2011] 215 $a1 online resource (316 p.) 300 $aIncludes index. 311 $a90-8964-311-7 330 $aThis is the first full-length study of the history and working practices of the Mickery Theater in Amsterdam. Between 1965 and 1991, under its noted director Ritsaert ten Cate, Mickery became renowned worldwide for promoting and presenting significant international alternative theatre companies, and for staging its own innovative productions. Through a unique "archaeological" approach, combining archival research, oral history, and field observation, this book establishes the singular importance of Mickery and evokes the unique atmosphere of both the building and the activities it nurtured. 606 $aExperimental theater$xHistory$y20th century 606 $aTheater$xHistory$y20th century 608 $aElectronic books. 615 0$aExperimental theater$xHistory 615 0$aTheater$xHistory 676 $a792.0223 700 $aPearson$b Mike$0939636 702 $aHeijer$b Jac 702 $aZonneveld$b Loek 702 $aEvans$b Paul 801 0$bMiAaPQ 801 1$bMiAaPQ 801 2$bMiAaPQ 906 $aBOOK 912 $a9910464612103321 996 $aMickery Theater$92236367 997 $aUNINA